<?xml version="1.0" encoding="UTF-8"?>
<record
    xmlns:xsi="http://www.w3.org/2001/XMLSchema-instance"
    xsi:schemaLocation="http://www.loc.gov/MARC21/slim http://www.loc.gov/standards/marcxml/schema/MARC21slim.xsd"
    xmlns="http://www.loc.gov/MARC21/slim">

  <leader>04280cam a22003497a 4500</leader>
  <controlfield tag="001">16257145</controlfield>
  <controlfield tag="003">OSt</controlfield>
  <controlfield tag="005">20150408114156.0</controlfield>
  <controlfield tag="008">100528s2009    si a     b    000 0 eng d</controlfield>
  <datafield tag="010" ind1=" " ind2=" ">
    <subfield code="a">  2010294131</subfield>
  </datafield>
  <datafield tag="020" ind1=" " ind2=" ">
    <subfield code="a">9789814282680</subfield>
  </datafield>
  <datafield tag="020" ind1=" " ind2=" ">
    <subfield code="a">9789814282697</subfield>
  </datafield>
  <datafield tag="035" ind1=" " ind2=" ">
    <subfield code="a">(OCoLC)ocn401147106</subfield>
  </datafield>
  <datafield tag="040" ind1=" " ind2=" ">
    <subfield code="a">BTCTA</subfield>
    <subfield code="c">BTCTA</subfield>
    <subfield code="d">YDXCP</subfield>
    <subfield code="d">SINLB</subfield>
    <subfield code="d">TXI</subfield>
    <subfield code="d">MNW</subfield>
    <subfield code="d">DLC</subfield>
  </datafield>
  <datafield tag="042" ind1=" " ind2=" ">
    <subfield code="a">lccopycat</subfield>
  </datafield>
  <datafield tag="050" ind1="0" ind2="0">
    <subfield code="a">T174.7</subfield>
    <subfield code="b">.N3583 2010</subfield>
  </datafield>
  <datafield tag="082" ind1="0" ind2="4">
    <subfield code="a">620.5</subfield>
    <subfield code="2">22</subfield>
    <subfield code="b">NAT</subfield>
  </datafield>
  <datafield tag="245" ind1="0" ind2="0">
    <subfield code="a">Nanoscience and technology :</subfield>
    <subfield code="b">a collection of reviews from Nature journals /</subfield>
    <subfield code="c">edited by Peter Rodgers ; with an introduction by James Heath.</subfield>
  </datafield>
  <datafield tag="260" ind1=" " ind2=" ">
    <subfield code="a">Singapore :</subfield>
    <subfield code="b">World Scientific ;</subfield>
    <subfield code="a">London :</subfield>
    <subfield code="b">Nature Pub. Group,</subfield>
    <subfield code="c">c2010.</subfield>
  </datafield>
  <datafield tag="300" ind1=" " ind2=" ">
    <subfield code="a">xx, 310 p. :</subfield>
    <subfield code="b">ill. (some col.) ;</subfield>
    <subfield code="c">29 cm.</subfield>
  </datafield>
  <datafield tag="500" ind1=" " ind2=" ">
    <subfield code="a">"This book brings together 35 review and progress articles from eight different Nature journals"--P. ix.</subfield>
  </datafield>
  <datafield tag="504" ind1=" " ind2=" ">
    <subfield code="a">Includes bibliographical references.</subfield>
  </datafield>
  <datafield tag="505" ind1="0" ind2=" ">
    <subfield code="a">Challenges and opportunities for nanoscience and technology / James R. Heath -- Nanomaterials and nanostructures. Progress towards monodisperse single-walled carbon nanotubes / Mark C. Hersam -- The rise of graphene / A. K. Geim &amp; K. S. Novoselov -- Multiferroics: progress and prospects in thin films / R. Ramesh &amp; Nicola A. Spaldin -- Inorganic nanotubes and fullerene-like nanoparticles / R. Tenne -- The role of interparticle and external forces in nanoparticle assembly / Younjin Min ...[et al.] -- Complex thermoelectric materials / G. Jeffrey Snyder &amp; Eric S. Toberer -- Solid-state nanopores / Cees Dekker -- Engineering atomic and molecular nanostructures at surfaces / Johannes V. Barth, Giovanni Costantini &amp; Klaus Kern -- Molecular machines and devices. Making molecular machines work / Wesley R. Browne &amp; Ben L. Feringa -- Molecular logic and computing / A. Prasanna del Silva &amp; Seiichi Uchiyama -- Harnessing biological motors to engineer systems for nanoscale transport and assembly / Anita Goel &amp; Viola Vogel -- Designed DNA molecules: principles and applications of molecular nanotechnology / Anne Condon -- DNA nanomachines / Jonathan Bath &amp; Andrew J. Turberfield</subfield>
  </datafield>
  <datafield tag="505" ind1="0" ind2=" ">
    <subfield code="a">Nanoelectronics. Nanoelectronics from the bottom up / Wei Lu &amp; Charles M. Lieber -- The emergence of spin electronics in data storage / Claude Chappert, Albert Fert &amp; Fr&#xFFFD;ed&#xFFFD;eric Nguyen Van Dau -- Nanoionics-based resistive switching memories / Rainer Waser &amp; Masakazu Aono -- Technology and metrology of new electronic materials and devices / Eric M. Vogel -- Carbon-based electronics / Phaedon Avouris, Zhihong Chen &amp; Vasili Perebeinos -- Electron transport in molecular junctions / N.J. Tao -- Molecular spintronics using single-molecule magnets / Lapo Bogani &amp; Wolfgang Wernsdorfer -- Nanophotonics. Light in tiny holes / C. Genet &amp; T.W. Ebbesen -- Nano-optics from sensing to waveguiding / Surbhi Lal, Stephan Link &amp; Naomi J. Halas -- Semiconductor quantum light sources / Andrew J. Shields -- Biomimetics of photonic nanostructures / Andrew R. Parker &amp; Helen E. Townley</subfield>
  </datafield>
  <datafield tag="505" ind1="0" ind2=" ">
    <subfield code="a">Nanobiotechnology and nanomedicine. Nanoparticle therapeutics: an emerging treatment modality for cancer / Mark E. Davis, Zhuo (Georgia) Chen &amp; Dong M. Shin -- Neuroscience nanotechnology: progress, opportunities and challenges / Gabriel A. Silva -- The potential and challenges of nanopore sequencing / Daniel J. M&#xFFFD;uller &amp; Yves F. Dufr&#xFFFD;ene -- Immunological properties of engineered nanomaterials / Marina A. Dobrovolskaia &amp; Scott E. McNeil -- Injectable nanocarriers for biodetoxification / Jean-Christophe Leroux -- Selected applications. Applications of dip-pen nanolithography / Khalid Salaita, Yuhuang Wang &amp; Chad a. Mirkin -- Biosensing with plasmonic nanosensors / Jeffrey N. Anker ...[et al.] Materials for electrochemical capacitors / Patrice Simon &amp; Yury Gogotsi -- Future lab-on-a-chip technologies for interrogating individual molecules / Harold Craighead -- Science and technology for water purification in the coming decades / Mark A. Shannon ...[et al.].</subfield>
  </datafield>
  <datafield tag="650" ind1=" " ind2="0">
    <subfield code="a">Nanotechnology.</subfield>
  </datafield>
  <datafield tag="650" ind1=" " ind2="0">
    <subfield code="a">Nanoscience.</subfield>
    <subfield code="9">18551</subfield>
  </datafield>
  <datafield tag="700" ind1="1" ind2=" ">
    <subfield code="a">Rodgers, Peter.</subfield>
    <subfield code="9">40656</subfield>
  </datafield>
  <datafield tag="906" ind1=" " ind2=" ">
    <subfield code="a">7</subfield>
    <subfield code="b">cbc</subfield>
    <subfield code="c">copycat</subfield>
    <subfield code="d">2</subfield>
    <subfield code="e">ncip</subfield>
    <subfield code="f">20</subfield>
    <subfield code="g">y-gencatlg</subfield>
  </datafield>
  <datafield tag="942" ind1=" " ind2=" ">
    <subfield code="2">ddc</subfield>
    <subfield code="c">DVD</subfield>
  </datafield>
  <datafield tag="999" ind1=" " ind2=" ">
    <subfield code="c">32422</subfield>
    <subfield code="d">266922</subfield>
  </datafield>
  <datafield tag="952" ind1=" " ind2=" ">
    <subfield code="1">0</subfield>
    <subfield code="2">2013-11-18</subfield>
    <subfield code="4">0</subfield>
    <subfield code="7">0</subfield>
    <subfield code="a">620.5 NAT</subfield>
    <subfield code="d">2013-11-18</subfield>
    <subfield code="h">CL</subfield>
    <subfield code="m">CL</subfield>
    <subfield code="r">2013-11-18 00:00:00</subfield>
    <subfield code="t">BOOK</subfield>
    <subfield code="w">ddc</subfield>
    <subfield code="y">0</subfield>
  </datafield>
</record>
